| 000 -Cabeçalho do registo |
| Cabeçalho |
01165nam a2200253 4500 |
| 001 - Identificador do registo |
| Campo de controlo |
32637 |
| 100 ## - Dados gerais de processamento |
| Dados gerais de processamento |
20260326d1994 u||y0engy50 ba |
| 101 ## - Língua de publicação |
| Língua do texto, banda sonora, etc. |
Inglês |
| 102 ## - Pais de publicação ou produção |
| País de publicação |
Reino Unido |
| 200 ## - Titulo e menção de responsabilidade |
| Título próprio |
Fisheries Research Special Issue, "Fishery Biology of Northeast Atlantic Squid |
| Primeira menção de responsabilidade |
P.R. Boyle |
| Outras menções de responsabilidade |
G.J. Pierce |
| Número de uma parte ou secção |
Departamento de Zoologia, da Universidade de Aberdeen Aberdeen |
| 210 ## - Publicação, Distribuição, etc. |
| Lugar da edição, distribuição, etc. |
Reuni Unido |
| Nome do editor, distribuidor, etc. |
Elsevier |
| Data da publicação, distribuição, etc. |
1994 |
| 215 ## - Descrição física |
| Indicação específica da natureza do documento e extensão da espécie |
314 p. |
| Outras indicações físicas |
il. |
| Dimensões |
25 cm |
| 225 ## - Coleção |
| Indicação de volume |
21 vol. 21, 21, Ed. 1-2 |
| ISSN da coleção |
0165-7836 |
| 300 ## - Notas gerais |
| Texto da nota |
Nota: Edição especial da revista Fisheries Research, "Biologia Pesqueira da Lula do Atlântico Nordeste |
| 327 ## - Nota de conteúdo |
| Texto da nota |
Coleção fundamental que abrange a biologia, a ecologia e a dinâmica populacional da lula em águas europeias. Destaca espécies importantes como Loligo forbesi, Loligo vulgaris e Alloteuthis subulata.<br/> |
| 345 ## - Nota informativa sobre aquisição |
| Modalidades de aquisição |
Oferta |
| 606 ## - Nome comum usado como assunto |
| Palavra de ordem |
Lula, cefalópodes |
| Subdivisão cronológica |
Atlântico Nordeste |
|
| Subdivisão de assunto |
Loligo forbesi |
|
| Subdivisão de assunto |
Biologia |
|
| Subdivisão de assunto |
Ecologia |
| 700 ## - Nome de autor-pessoa física (responsabilidade principal) |
| Palavra de ordem |
Boyle |
| Outra parte do nome não tomada para palavra de ordem |
P.R. |
| 701 ## - Nome de autor-pessoa física (co-responsabilidade principal) |
| Palavra de ordem |
Pierce |
| Outra parte do nome não tomada para palavra de ordem |
G.J. |
| 710 ## - Nome de colectividade-autor (responsabilidade principal) |
| Palavra de ordem |
Departamento de Zoologia, Universidade de Aberdeen Aberdeen |